Ján Bobák Maďarská otázka v Česko-Slovensku

Podrobná bibliografia
Hlavný autor: Mulík, Peter (Author)
Médium: Článok
Jazyk:Slovak
Vydané: Martin : Matica slovenská, 1998
Témy:
ISBN: 80-7090-502-6
Zdroj: 1. Historický zborník 8 1. 80-7090-502-6 1. S. 150-151
LEADER 01043naa a2200337 a 4500
001 000030713
003 SVKKK
005 00000000000000.0
008 c1998 xo e sloo
FMT
020 |a 80-7090-502-6 
038 |a SVKKK 
040 |a SVKKK  |b slo  |e AACR2 
041 0 |a slo 
044 |a xo  |c SK 
080 |a 323.15=945.1  |2 1981 
080 |a 82.0  |2 1981 
100 1 |a Mulík, Peter  |4 aut 
245 1 0 |a Ján Bobák Maďarská otázka v Česko-Slovensku  |c Mulík Peter, 
260 |a Martin :  |b Matica slovenská,  |c 1998 
650 0 4 |a menšina maďarská  |x Slovensko  |x Maďarsko  |x r. 1944-48 
650 0 4 |a výmena obyvateľstva  |z Slovensko východné  |x dejiny  |x recenzie 
773 0 |t Historický zborník 8  |z 80-7090-502-6  |g S. 150-151 
787 0 8 |i Recenze na:  |a Bobák, Ján  |t Maďarská otázka v Česko-Slovensku (1944-1948)  |d Martin : Matica slovenská, 1996  |z 80-7090-502-6 
957 |a Slovensko východné 
958 |a VS 
974 |d 990301  |a SAB 
992 |a RZB 
BAS
852 |a SVKKK  |b BIB 
998 |a REG